Escolas de Samba do Rio de Janeiro - Statistics

Estatísticas Gerais
  • Esse quiz foi jogado 67 vezes
  • A pontuação média é 23 de 91
Estatísticas das Respostas
Hint Resposta % Correto
Grupo Especial Unidos do Viradouro
96%
Grupo Especial Acadêmicos do Salgueiro
93%
Grupo Especial Beija-Flor de Nilópolis
93%
Grupo Especial Portela
91%
Grupo Especial Acadêmicos do Grande Rio
89%
Grupo Especial Estação Primeira de Mangueira
89%
Grupo Especial Unidos de Vila Isabel
88%
Grupo Especial Mocidade Independente de Padre Miguel
84%
Grupo Especial Unidos da Tijuca
84%
Grupo Especial Imperatriz Leopoldinense
82%
Grupo Especial Acadêmicos de Niterói
79%
Grupo Especial Paraíso do Tuiuti
75%
Série Ouro Império Serrano
74%
Série Ouro União da Ilha do Governador
61%
Série Ouro Estácio de Sá
60%
Série Ouro Unidos do Porto da Pedra
54%
Série Ouro Botafogo Samba Clube
49%
Série Prata São Clemente
49%
Série Ouro União de Maricá
46%
Série Ouro Unidos de Padre Miguel
46%
Série Bronze Caprichosos de Pilares
42%
Série Prata Acadêmicos da Rocinha
37%
Série Ouro Unidos de Bangu
35%
Série Ouro Inocentes de Belford Roxo
33%
Série Prata Tradição
30%
Série Ouro Unidos do Jacarezinho
28%
Série Ouro Arranco
26%
Série Prata Fla Manguaça
25%
Série Prata Acadêmicos do Cubango
23%
Série Prata Império da Tijuca
23%
Série Ouro Unidos da Ponte
23%
Série Ouro Em Cima da Hora
21%
Série Prata Vizinha Faladeira
21%
Série Prata Acadêmicos de Santa Cruz
19%
Série Prata Independentes de Olaria
16%
Série Prata Leão de Nova Iguaçu
16%
Série Prata Renascer de Jacarepaguá
16%
Série Ouro Acadêmicos de Vigário Geral
14%
Série Bronze Alegria de Copacabana
14%
Série Ouro União do Parque Acari
14%
Grupo de Avaliação Arame de Ricardo
12%
Série Prata Arrastão de Cascadura
12%
Série Bronze Unidos do Cabuçu
12%
Série Bronze Boi da Ilha do Governador
11%
Série Prata Império da Uva
11%
Série Prata Lins Imperial
11%
Série Bronze União Cruzmaltina
11%
Série Prata União de Jacarepaguá
11%
Série Bronze Unidos da Barra da Tijuca
11%
Série Bronze Unidos da Vila Kennedy
11%
Série Prata Acadêmicos da Abolição
9%
Grupo de Avaliação Acadêmicos de Madureira
9%
Série Prata Acadêmicos do Dendê
9%
Série Prata Alegria do Vilar
9%
Grupo de Avaliação Difícil É o Nome
9%
Série Prata Mocidade Unida do Santa Marta
9%
Grupo de Avaliação Raça Rubro-Negra
9%
Série Prata Acadêmicos do Engenho da Rainha
7%
Série Bronze Imperadores Rubro-Negros
7%
Grupo de Avaliação Império Ricardense
7%
Série Bronze Mocidade de Vicente de Carvalho
7%
Série Bronze Sereno de Campo Grande
7%
Série Prata Unidos da Vila Santa Tereza
7%
Série Bronze Unidos da Villa Rica
7%
Série Bronze Unidos de Cosmos
7%
Série Bronze Acadêmicos do Recreio
5%
Série Prata Chatuba de Mesquita
5%
Série Bronze Concentra Imperial
5%
Série Prata Feitiço Carioca
5%
Série Prata Império de Nova Iguaçu
5%
Série Prata Independente da Praça da Bandeira
5%
Série Bronze Leão de Quintino
5%
Série Prata Siri de Ramos
5%
Série Prata União do Parque Curicica
5%
Série Prata Unidos de Lucas
5%
Grupo de Avaliação Unidos de Manguinhos
5%
Série Bronze Acadêmicos do Peixe
4%
Série Bronze Flor da Mina do Andaraí
4%
Grupo de Avaliação Gato de Bonsucesso
4%
Série Bronze Rosas de Ouro
4%
Série Prata Tubarão de Mesquita
4%
Grupo de Avaliação Acadêmicos da Pedra Branca
2%
Grupo de Avaliação Casa de Malandro
2%
Grupo de Avaliação Coroado de Jacarepaguá
2%
Grupo de Avaliação Delírio da Zona Oeste
2%
Grupo de Avaliação Império da Resistência
2%
Série Bronze Império de Brás de Pina
2%
Grupo de Avaliação Mocidade Independente de Inhaúma
2%
Grupo de Avaliação Mocidade Unida da Cidade de Deus
2%
Série Bronze Novo Império
2%
Grupo de Avaliação Renascer de Nova Iguaçu
2%
Nenhum quiz correspondente encontrado
Distribuição das Pontuações
Porcentagem de Pessoas com Cada Pontuação
Percentil de Números Respondidos
Sua Pontuação Histórica
Você não jogou esse quiz